000 01455nam a2200361Ia 4500
001 ebr10597332
003 CaPaEBR
006 m u
007 cr cn|||||||||
008 070608s2007 gw a sb 001 0 eng d
010 _z 2007024035
020 _z3110191350
020 _z9783110191356
020 _z9783110913934
040 _aCaPaEBR
_cCaPaEBR
035 _a(OCoLC)811406208
050 1 4 _aPT2605.E4
_bZ62595 2007eb
100 1 _aKligerman, Eric.
245 1 0 _aSites of the uncanny
_h[electronic resource] :
_bPaul Celan, specularity and the visual arts /
_cEric Kligerman.
260 _aBerlin ;
_aNew York :
_bWalter de Gruyter,
_cc2007.
300 _ax, 330 p. :
_bill.
490 0 _aInterdisciplinary German cultural studies ;
_vv. 3
504 _aIncludes bibliographical references (p. [313]-325) and index.
533 _aElectronic reproduction.
_bPalo Alto, Calif. :
_cebrary,
_d2011.
_nAvailable via World Wide Web.
_nAccess may be limited to ebrary affiliated libraries.
600 1 0 _aCelan, Paul
_xInfluence.
600 1 0 _aCelan, Paul
_xCriticism and interpretation.
650 0 _aPopular culture
_zGermany.
650 0 _aHolocaust, Jewish (1939-1945), and the arts.
650 0 _aCollective memory
_zGermany.
655 7 _aElectronic books.
_2local
710 2 _aebrary, Inc.
856 4 0 _uhttp://site.ebrary.com/lib/rucke/Doc?id=10597332
_zAn electronic book accessible through the World Wide Web; click to view
999 _c212718
_d212718